00576nam a22001697a 450000500170000001000150001702000260003203500140005803700130007208200130008524501310009826000390022927000740026830000240034270000230036670000170038920170619123333.0 aENG-118856 a9789381839430c950.00 aEN-102388 bDBAD/PUB a004.6782 aManagement of knowledge and information centres in cloud computing enviroment /cedited by Sudhir Kumar Jena [and] Cliff Dkhar aNew DelhibAvon Publicationsc2014 a5A-12, Ground Floor, Ansari Road, Daryaganj, New Delhi-110002 (India) axii,260pc21cm.(Hb) aJena, Sudhir Kumar aDkhar, Cliff